Balún-Canán

Guardat en:
Dades bibliogràfiques
Autor principal: Castellanos, Rosario (Autor)
Format: Llibre
Idioma:espanyol
Publicat: Ciudad de México Fondo de Cultura Económica 2014
Edició:6a. ed
Col·lecció:Letras Mexicanas
Matèries:
Etiquetes: Afegir etiqueta
Sense etiquetes, Sigues el primer a etiquetar aquest registre!

MARC

LEADER 00000cam a2200000 a 4500
001 UCE9821
003 CL-VaPUC
008 151106e20140000mx |||||||||||||||||spa|d
020 |a 9786071622082 
082 0 4 |a Me863  |b CAS  |2 21 
100 0 |a Castellanos, Rosario  |e author  |9 582775 
245 1 0 |a Balún-Canán 
250 |a 6a. ed 
300 |a 271 p 
942 |c BK 
945 |d 20151106 14:16:00  |a arojas 
260 |a Ciudad de México  |b Fondo de Cultura Económica  |c 2014 
650 0 |a Novelas mexicanas  |9 317570 
650 0 |a Literatura mexicana  |9 313097 
583 |a last modification  |c 20151106 14:16:00  |k Rodrigo Vera 
490 0 |a Letras Mexicanas 
999 |c 361466  |d 361464 
952 |0 0  |1 0  |3 erb  |4 0  |6 ME_863_000000000000000_CAS_2014  |7 0  |8 A  |9 472022  |a BIBEDU  |b BIBEDU  |i 5246016  |o Me863 CAS 2014  |p 5246016  |r 2019-11-24  |w 2019-11-24  |y BK  |z Catalogado en:20151106  |k LIT